US Coast Guard Equipment (vehicles) - Statistics

General Stats
  • This quiz has been taken 3 times
  • The average score is 10 of 23
Answer Stats
Hint Answer % Correct
Ship (class) Polar
100%
Plane C-27J
67%
Ship (class) Healy
67%
Ship (class) Legend
67%
Ship (class) Sentinel
67%
Ship (individual) Alex Haley
33%
Ship (class) Bay
33%
Jet engined plane C-37
33%
Ship (individual) Eagle
33%
Ship (class) Famous
33%
Plane HC-130J
33%
Plane HC-144
33%
Ship (class) Heritage
33%
Ship (class) Island
33%
Ship (class) Juniper
33%
Ship (class) Keeper
33%
Ship (individual) Mackinaw
33%
Helicopter MH-60T
33%
Helicopter MH-65
33%
Ship (class) Polar 2
33%
Ship (class) Reliance
33%
Plane RG-8A
33%
Drone ScanEagle
33%
No matching quizzes found
Score Distribution
Percent of People with Each Score
Percentile by Number Answered
Your Score History
You have not taken this quiz